000 00282nam a22000977a 4500
008 201005b ||||| |||| 00| 0 eng d
100 _aCeresa, R.
245 _aThe postage stamps of Russia, 1917-1923 Vol 2 Parts 20/23 TEXT
260 _bR. Ceresa
_c1987
650 _aRussia; USSR; Ukraine
999 _c3113
_d3113